DESET LET "TRICHLORFONU"

Bibliographic Details
Main Author: Eichler, Wolfdietrich (Author)
Other Authors: Obenberger, Jan, 1892-1964 (Translator)
Format: Article
Language:Slovak
Czech

MARC

LEADER 00000nab a2200000 a 4500
001 vtls010709049
003 SK-MaSNL
005 20260304195129.0
008 250709s1962 xo |||||||||||||||||slo|
035 |a (urnnbn)urn:nbn:sk:snk:ar-a044e5 
035 |a (uuid)d09f5d50-7d6d-4522-9ca8-8635ea9abb42 
035 |a urn:nbn:sk:snk-ab3crf 
040 |a SNKBUCL  |b slo  |c SNKBUCL  |e AACR2 
041 0 |a cze 
044 |a xo  |c SK 
100 1 |a Eichler, Wolfdietrich  |4 aut  |9 1529694 
245 1 0 |a DESET LET "TRICHLORFONU"  |c Wolfdietrich Eichler, Jan Obenberger 
700 1 |a Obenberger, Jan,  |d 1892-1964  |4 trl  |9 151286 
773 0 |t Agrochemikálie : časopis venovaný chemizácii poľnohospodárstva  |g Roč. 2, č. 6 (1962), s. 121-124 
850 |a Slovenská národná knižnica 
852 |a Slovenská národná knižnica 
954 |a odborná, vedecká literatúra cudzojazyčná (svetová)  |2 lita 
954 |a odborná, vedecká literatúra pôvodná (slovenská)  |2 lita 
958 |a article1 
958 |a OND 
958 |a EUIPO 
999 |c 3079521  |d 3081451